[Event "Liga Insular Gran Canaria 1a Descenso"]
[Site "Las Palmas"]
[Date "2019.06.01"]
[Round "2.2"]
[White "Costache, Bogdan Alexandru"]
[Black "Mengibar Martinez, Manuel"]
[Result "0-1"]
[WhiteElo "1833"]
[BlackElo "1614"]
[PlyCount "118"]
[EventDate "2019.05.25"]
[EventType "team-tourn"]
[EventRounds "3"]
[EventCountry "ESP"]
[SourceTitle "EXT 2021"]
[Source "ChessBase"]
[SourceDate "2020.10.23"]
[SourceVersion "1"]
[SourceVersionDate "2020.10.23"]
[SourceQuality "1"]
[WhiteTeam "Villa de Teror II"]
[BlackTeam "Panaderia Pulido San Mateo II"]
[WhiteTeamCountry "ESP"]
[BlackTeamCountry "ESP"]

1. e4 c6 2. Nc3 d5 3. Nf3 dxe4 4. Nxe4 Nd7 5. Qe2 e6 6. d4 Ngf6 7. Bg5 Be7 8. Bxf6 Nxf6 9. 0-0-0 Nxe4 10. Qxe4 Qd5 11. Qxd5 exd5 12. Re1 Be6 13. h4 h6 14. Bd3 Bd6 15. Bf5 Kd7 16. Bxe6+ fxe6 17. Ne5+ Bxe5 18. dxe5 Rhf8 19. Re2 Rf4 20. g3 Rf3 21. Kd2 Raf8 22. Ke1 R8f5 23. Rg1 c5 24. Kf1 Kc6 25. Kg2 b5 26. Rd1 a5 27. Rd3 Rxd3 28. cxd3 d4 29. f4 g5 30. hxg5 hxg5 31. Kf3 Kd5 32. b3 Rf8 33. Rh2 c4 34. bxc4+ bxc4 35. dxc4+ Kxc4 36. Ke4 gxf4 37. gxf4 d3 38. Rh7 Rd8 39. Rc7+ Kb4 40. Rc1 d2 41. Rd1 Kc3 42. Ke3 Kc2 43. Ke2 Rd4 44. Ke3 Kxd1 45. Kxd4 Ke2 46. f5 exf5 47. e6 d1Q+ 48. Ke5 Qd8 49. Kxf5 Qe7 50. a4 Kd3 51. Ke5 Kc4 52. Kf5 Kb4 53. Ke5 Kxa4 54. Kf5 Kb5 55. Ke5 Kc5 56. Kf5 Kd5 57. Kf4 Qxe6 58. Kf3 Qe4+ 59. Kf2 Qd3 0-1

[Event "Canarias-chT"]
[Site "Vecindario"]
[Date "2018.05.31"]
[Round "1.3"]
[White "Costache, Bogdan Alexandru"]
[Black "Martin Casanas, Juan Miguel"]
[Result "1-0"]
[WhiteElo "1823"]
[BlackElo "1664"]
[PlyCount "105"]
[EventDate "2018.05.31"]
[EventType "team-swiss"]
[EventRounds "6"]
[EventCountry "ESP"]
[SourceTitle "EXT 2019"]
[Source "ChessBase"]
[SourceDate "2018.10.10"]
[SourceVersion "1"]
[SourceVersionDate "2018.10.10"]
[SourceQuality "1"]
[WhiteTeam "La Caja de Canarias"]
[BlackTeam "Herbania"]
[WhiteTeamCountry "ESP"]
[BlackTeamCountry "ESP"]

1. e4 e5 2. Nf3 Nc6 3. Bc4 Bc5 4. c3 Nf6 5. d3 a5 6. a4 d6 7. 0-0 Bg4 8. Na3 d5 9. exd5 Nxd5 10. d4 Bxa3 11. Rxa3 0-0 12. dxe5 Bxf3 13. Qxf3 Nb6 14. Bb3 Qh4 15. Qf4 Qxf4 16. Bxf4 Rae8 17. e6 fxe6 18. Bxc7 Nd5 19. Bd6 Rf6 20. Raa1 g6 21. Rfe1 Kf7 22. Rad1 Rf5 23. g4 Rf6 24. Bxd5 exd5 25. Rxe8 Kxe8 26. Rxd5 Re6 27. Rd3 Kd7 28. Bf4+ Kc8 29. Re3 Rf6 30. Be5 Nxe5 31. Rxe5 Rf4 32. Rxa5 Rxg4+ 33. Kf1 Rh4 34. Kg2 Rg4+ 35. Kf3 h5 36. b4 b6 37. Re5 Rc4 38. Re3 Kc7 39. Ke2 Rh4 40. h3 g5 41. Rg3 Rc4 42. Rxg5 Rxc3 43. Rxh5 Rc4 44. a5 Rxb4 45. Rh7+ Kb8 46. axb6 Rxb6 47. Re7 Rh6 48. Re3 Kc7 49. f4 Kd6 50. Kf2 Kd5 51. Kg3 Rg6+ 52. Kh4 Kd4 53. Re1 1-0

[Event "Gran Canaria Galdos op 3rd"]
[Site "Gran Canaria"]
[Date "2018.04.26"]
[Round "5"]
[White "Costache, Bogdan Alexandru"]
[Black "Alba Santana, Cayetano"]
[Result "1-0"]
[WhiteElo "1816"]
[BlackElo "1818"]
[PlyCount "149"]
[EventDate "2018.04.18"]
[EventType "swiss"]
[EventRounds "5"]
[EventCountry "ESP"]
[SourceTitle "EXT 2024"]
[Source "ChessBase"]
[SourceDate "2023.10.10"]
[SourceVersion "1"]
[SourceVersionDate "2023.10.10"]
[SourceQuality "1"]

1. e4 c5 2. Nc3 Nc6 3. Bb5 Nd4 4. Bc4 e6 5. Nf3 Qc7 6. d3 Nc6 7. 0-0 a6 8. a4 Nf6 9. d4 cxd4 10. Nxd4 Nxd4 11. Qxd4 Bc5 12. Qd3 0-0 13. Bb3 Ng4 14. g3 Ne5 15. Qe2 b6 16. Be3 Bb7 17. Bxc5 Qxc5 18. Kg2 Rac8 19. f3 Nc4 20. Bxc4 Qxc4 21. Qxc4 Rxc4 22. Rad1 d5 23. exd5 exd5 24. Nxd5 Bxd5 25. Rxd5 Rxc2+ 26. Rf2 Rc4 27. b3 Rc3 28. Rb2 g6 29. b4 Rfc8 30. a5 b5 31. Rd6 R8c6 32. Rd4 h5 33. Rbd2 Kg7 34. Rd6 R3c4 35. Rxc6 Rxc6 36. Rd4 Rc2+ 37. Kg1 Rc6 38. h4 Kf6 39. Kf2 Ke5 40. Re4+ Kd5 41. Ke3 Rc3+ 42. Ke2 Rc4 43. Kd3 Rc6 44. Rf4 Ke6 45. Re4+ Kd6 46. Rd4+ Ke6 47. Rd8 Ke7 48. Ra8 Rd6+ 49. Ke3 Ke6 50. Re8+ Kd7 51. Re4 Rc6 52. Kd4 Rd6+ 53. Kc5 Rc6+ 54. Kd5 Rd6+ 55. Ke5 f6+ 56. Kf4 Rc6 57. g4 hxg4 58. fxg4 Rc1 59. h5 Rf1+ 60. Kg3 gxh5 61. gxh5 Rg1+ 62. Kh2 Rg7 63. h6 Rh7 64. Rh4 Ke6 65. Kg3 Kf5 66. Rd4 Ke5 67. Rh4 f5 68. Kf3 Kf6 69. Kf4 Kg6 70. Rh3 Kf6 71. Rc3 Ke6 72. Rc6+ Kd5 73. Rxa6 Kc4 74. Kxf5 Kxb4 75. Kg6 1-0

[Event "Gran Canaria Cabildo op"]
[Site "Gran Canaria"]
[Date "2018.04.06"]
[Round "6"]
[White "Costache, Bogdan Alexandru"]
[Black "Jablanovic, Milos"]
[Result "1-0"]
[WhiteElo "1816"]
[BlackElo "1347"]
[PlyCount "112"]
[EventDate "2018.03.06"]
[EventType "swiss"]
[EventRounds "7"]
[EventCountry "ESP"]
[SourceTitle "CBM 183 Extra"]
[Source "ChessBase"]
[SourceDate "2018.04.19"]
[SourceVersion "1"]
[SourceVersionDate "2018.04.19"]
[SourceQuality "1"]

1. Nf3 Nc6 2. g3 e5 3. d3 d5 4. Bg2 Nf6 5. 0-0 Bd6 6. Nc3 a6 7. e4 d4 8. Ne2 Bg4 9. h3 Bh5 10. Nh4 0-0 11. Nf5 Bc5 12. f4 Nd7 13. g4 Bg6 14. Nh6+ Kh8 15. f5 gxh6 16. fxg6 fxg6 17. Bxh6 Rxf1+ 18. Qxf1 Qf6 19. Qc1 Nf8 20. Bg5 Qe6 21. a3 Qf7 22. Qd2 Ne6 23. Rf1 Qe8 24. Bf6+ Ng7 25. Qh6 Qg8 26. h4 Rf8 27. h5 Ne7 28. Bxg7+ Qxg7 29. Rxf8+ Ng8 30. Qxg7+ Kxg7 31. Rc8 Bd6 32. hxg6 hxg6 33. c3 Ne7 34. Rb8 b6 35. cxd4 exd4 36. b4 Nc6 37. Re8 Kf7 38. Rh8 Be5 39. Rh3 a5 40. b5 Ne7 41. Rf3+ Ke6 42. Nf4+ Kd6 43. a4 Kc5 44. Ne6+ Kb4 45. Rf7 Bd6 46. Nxc7 Kxa4 47. e5 Bc5 48. Bc6 Kb3 49. Nd5 a4 50. Nxe7 a3 51. Nxg6 a2 52. Bd5+ Kb2 53. Bxa2 Kxa2 54. e6 Kb2 55. e7 Bxe7 56. Nxe7 Kc3 1-0

[Event "Gran Canaria Cabildo op"]
[Site "Gran Canaria"]
[Date "2018.03.16"]
[Round "4"]
[White "Costache, Bogdan Alexandru"]
[Black "Monteiro Rodrigues, Carlos"]
[Result "1-0"]
[WhiteElo "1816"]
[BlackElo "1368"]
[PlyCount "61"]
[EventDate "2018.03.06"]
[EventType "swiss"]
[EventRounds "7"]
[EventCountry "ESP"]
[SourceTitle "CBM 183 Extra"]
[Source "ChessBase"]
[SourceDate "2018.04.19"]
[SourceVersion "1"]
[SourceVersionDate "2018.04.19"]
[SourceQuality "1"]

1. c4 e5 2. Nc3 Nf6 3. d3 Be7 4. e3 0-0 5. Nge2 d5 6. cxd5 Nxd5 7. a3 Be6 8. g3 c6 9. Bg2 Nd7 10. 0-0 Qc7 11. b4 b5 12. Bb2 Qb6 13. d4 Rad8 14. Nxd5 cxd5 15. dxe5 Bg4 16. h3 Be6 17. Nd4 Qb8 18. Nc6 Qb6 19. Nxe7+ Kh8 20. Rc1 Nb8 21. Qc2 Rd7 22. Nf5 Qd8 23. Nd4 Qg5 24. Qc5 Rfd8 25. Nxe6 fxe6 26. h4 Qg6 27. Rfd1 Qf5 28. e4 Qg4 29. exd5 Qe2 30. Qc2 Qg4 31. Kh2 1-0

[Event "Las Palmas Insular-chT Segunda 1718"]
[Site "Las Palmas"]
[Date "2018.02.03"]
[Round "7.1"]
[White "Moreno Cameno, Juan Carlos"]
[Black "Costache, Bogdan Alexandru"]
[Result "0-1"]
[WhiteElo "1607"]
[BlackElo "1816"]
[PlyCount "98"]
[EventDate "2017.10.28"]
[EventType "team-swiss"]
[EventRounds "9"]
[EventCountry "ESP"]
[SourceTitle "EXT 2021"]
[Source "ChessBase"]
[SourceDate "2020.10.23"]
[SourceVersion "1"]
[SourceVersionDate "2020.10.23"]
[SourceQuality "1"]
[WhiteTeam "San Mateo Servitel"]
[BlackTeam "Fundacion La Caja de Canarias III"]
[WhiteTeamCountry "ESP"]
[BlackTeamCountry "ESP"]

1. e4 d6 2. d4 Nf6 3. Bd3 e5 4. d5 g6 5. Ne2 Bg7 6. 0-0 0-0 7. h3 a5 8. f4 exf4 9. Nxf4 Nbd7 10. Be3 Nc5 11. Bxc5 dxc5 12. c4 Nxe4 13. Bxe4 Bxb2 14. Nd2 Bxa1 15. Qxa1 f5 16. Bf3 Qf6 17. Qxf6 Rxf6 18. Nb3 b6 19. Re1 Kf8 20. d6 Ra7 21. dxc7 a4 22. Nd2 Rd6 23. Re2 Rxc7 24. Bd5 Re7 25. Nf3 Rxe2 26. Nxe2 Be6 27. Nf4 Bxd5 28. Nxd5 b5 29. Ne3 b4 30. Nd5 b3 31. axb3 axb3 32. Nd2 b2 33. Kf2 Ra6 34. Nc3 Rd6 35. Ke2 Rd4 36. g3 f4 37. gxf4 Rxf4 38. Kd3 Rh4 39. Kc2 Rxh3 40. Kxb2 g5 41. Nce4 g4 42. Nxc5 g3 43. Ne6+ Ke7 44. Nf4 Rh2 45. Kc3 h5 46. Kd3 h4 47. Ne4 g2 48. Ne2 Rh1 49. Ke3 Re1 0-1

[Event "Gran Canaria Simul 3"]
[Site "Gran Canaria"]
[Date "2017.10.18"]
[Round "1.2"]
[White "Costache, Bogdan Alexandru"]
[Black "Gutierrez Olivares, Daniel"]
[Result "0-1"]
[WhiteElo "1811"]
[BlackElo "2355"]
[PlyCount "54"]
[EventDate "2017.10.18"]
[EventType "simul"]
[EventRounds "1"]
[EventCountry "ESP"]
[SourceTitle "EXT 2024"]
[Source "ChessBase"]
[SourceDate "2023.10.10"]
[SourceVersion "1"]
[SourceVersionDate "2023.10.10"]
[SourceQuality "1"]

1. e4 e6 2. d4 d5 3. Nd2 Nc6 4. Ngf3 Nf6 5. e5 Nd7 6. c3 f6 7. exf6 Qxf6 8. Bd3 Bd6 9. Nf1 e5 10. Bg5 Qf7 11. dxe5 Ndxe5 12. Nxe5 Nxe5 13. Qe2 0-0 14. f3 Bf5 15. Bc2 Qg6 16. Bxf5 Qxf5 17. Bc1 Nd3+ 18. Kd2 Nf4 19. Ne3 Qg6 20. Qf2 Bc5 21. Kd1 Rae8 22. Re1 Qd3+ 23. Qd2 Bxe3 24. Qxd3 Nxd3 25. Rxe3 Nxb2+ 26. Kc2 Nc4 27. Rxe8 Rxe8 0-1

[Event "Gran Canaria Fiestas Dolores 2nd"]
[Site "Gran Canaria"]
[Date "2017.09.13"]
[Round "5"]
[White "Ramirez Maillo, Cristian"]
[Black "Costache, Bogdan Alexandru"]
[Result "1/2-1/2"]
[WhiteElo "1776"]
[BlackElo "1825"]
[PlyCount "126"]
[EventDate "2017.09.04"]
[EventType "swiss"]
[EventRounds "6"]
[EventCountry "ESP"]
[SourceTitle "CBM 180 Extra"]
[Source "ChessBase"]
[SourceDate "2017.10.06"]
[SourceVersion "1"]
[SourceVersionDate "2017.10.06"]
[SourceQuality "1"]

1. e4 d6 2. d4 Nf6 3. Nc3 c6 4. Be3 Qa5 5. f4 Nxe4 6. Nge2 Bg4 7. Bd2 Nxd2 8. Qxd2 Nd7 9. h3 Bxe2 10. Bxe2 e5 11. dxe5 dxe5 12. 0-0-0 0-0-0 13. Bg4 Qc7 14. fxe5 h5 15. Bxd7+ Rxd7 16. Qf4 g6 17. Rxd7 Qxd7 18. Qf2 Bh6+ 19. Kb1 Kb8 20. Rd1 Qe7 21. Na4 Rd8 22. Rxd8+ Qxd8 23. a3 Qd1+ 24. Ka2 Qd5+ 25. Kb1 Bg7 26. Nc3 Qe6 27. Qh4 Bxe5 28. Qd8+ Qc8 29. Qe7 Bxc3 30. bxc3 Qg8 31. Qf6 Qe8 32. Kb2 Kc8 33. Qd4 b6 34. a4 Qd7 35. Qe3 Qe6 36. Qd4 Qd5 37. Qh8+ Kb7 38. Qe8 Qe6 39. Qd8 Qc4 40. Qd7+ Ka6 41. Qc8+ Ka5 42. Qc7 Kxa4 43. Qxa7+ Kb5 44. Qe7 Qe6 45. Qg5+ f5 46. Ka3 Ka6 47. Kb2 Qf7 48. g3 Qe8 49. Qf6 c5 50. Ka3 Ka5 51. Qg7 Ka6 52. Kb2 Qb5+ 53. Ka2 Qf1 54. Qxg6 Qxh3 55. Kb3 Qg4 56. Qc6 Qg8+ 57. Kb2 Qf7 58. Qa8+ Kb5 59. Ka3 Qc4 60. Qe8+ Ka5 61. Qa8+ Qa6 62. Qc6 Qc4 63. Qa8+ Qa6 1/2-1/2

[Event "Gran Canaria Galdos op 2nd"]
[Site "Gran Canaria"]
[Date "2017.05.09"]
[Round "5"]
[White "Guerra Aleman, Marcial"]
[Black "Costache, Bogdan Alexandru"]
[Result "0-1"]
[WhiteElo "1696"]
[BlackElo "1813"]
[PlyCount "80"]
[EventDate "2017.05.03"]
[EventType "swiss"]
[EventRounds "5"]
[EventCountry "ESP"]
[SourceTitle "CBM 178 Extra"]
[Source "ChessBase"]
[SourceDate "2017.06.22"]
[SourceVersion "1"]
[SourceVersionDate "2017.06.22"]
[SourceQuality "1"]

1. d4 d6 2. c4 Nf6 3. Nc3 g6 4. e4 Bg7 5. Be2 0-0 6. Nf3 e5 7. d5 a5 8. Bg5 Na6 9. Nd2 Nc5 10. Nb3 b6 11. Nxc5 bxc5 12. 0-0 h6 13. Bd2 Ne8 14. Qc1 Kh7 15. g4 Qh4 16. f3 f5 17. Qe1 Qe7 18. Na4 fxg4 19. fxg4 Nf6 20. Qh4 Nxd5 21. g5 Nf4 22. Bxf4 exf4 23. Rxf4 Rxf4 24. Qxf4 Qxg5+ 25. Qxg5 hxg5 26. Rc1 Bd4+ 27. Kg2 Bb7 28. Bd3 Rf8 29. Rf1 Rf4 30. Rxf4 gxf4 31. h4 Kh6 32. Nc3 Bxc3 33. bxc3 Kh5 34. Kf3 Kxh4 35. Kxf4 g5+ 36. Kf3 Bc8 37. Bf1 Bh3 38. Bd3 g4+ 39. Kf2 g3+ 40. Kg1 Kg4 0-1

[Event "Gran Canaria Galdos op 2nd"]
[Site "Gran Canaria"]
[Date "2017.05.04"]
[Round "2"]
[White "Costache, Bogdan Alexandru"]
[Black "Monteiro Rodrigues, Carlos"]
[Result "1-0"]
[WhiteElo "1813"]
[BlackElo "1434"]
[PlyCount "95"]
[EventDate "2017.05.03"]
[EventType "swiss"]
[EventRounds "5"]
[EventCountry "ESP"]
[SourceTitle "CBM 178 Extra"]
[Source "ChessBase"]
[SourceDate "2017.06.22"]
[SourceVersion "1"]
[SourceVersionDate "2017.06.22"]
[SourceQuality "1"]

1. d4 e5 2. dxe5 d6 3. exd6 Bxd6 4. c3 Nc6 5. Nf3 Bg4 6. Nd4 Nge7 7. h3 Bh5 8. g4 Bg6 9. Bg2 Qd7 10. Nb5 0-0 11. Nxd6 cxd6 12. Bf4 d5 13. 0-0 h5 14. e4 d4 15. Bg3 hxg4 16. hxg4 Rad8 17. f4 Qc7 18. Qf3 Bh7 19. f5 Qb6 20. Qf2 f6 21. Na3 Qa6 22. Nc2 d3 23. Ne3 Ne5 24. Bxe5 fxe5 25. Qh4 Qb6 26. Qxe7 Qxe3+ 27. Kh2 Rfe8 28. Qh4 d2 29. g5 g6 30. f6 Rf8 31. Qg3 Qc5 32. Rad1 Rf7 33. Qf2 Qd6 34. Qe2 Kf8 35. Rf2 Bg8 36. Rxd2 Rh7+ 37. Kg1 Qb6 38. Rxd8+ Qxd8 39. Qd2 Qb6 40. b3 Be6 41. c4 Rd7 42. Qe1 Bg4 43. Bf1 Bf3 44. Qc3 Bxe4 45. Qxe5 Bf5 46. c5 Qb4 47. Qb8+ Kf7 48. Bc4+ 1-0

[Event "Gran Canaria Simul 2"]
[Site "Gran Canaria"]
[Date "2017.03.15"]
[Round "1.2"]
[White "Garcia Blanco, Omar"]
[Black "Costache, Bogdan Alexandru"]
[Result "1-0"]
[WhiteElo "2272"]
[BlackElo "1790"]
[PlyCount "115"]
[EventDate "2017.03.15"]
[EventType "simul"]
[EventRounds "1"]
[EventCountry "ESP"]
[SourceTitle "EXT 2024"]
[Source "ChessBase"]
[SourceDate "2023.10.10"]
[SourceVersion "1"]
[SourceVersionDate "2023.10.10"]
[SourceQuality "1"]

1. Nf3 Nf6 2. g3 g6 3. Bg2 Bg7 4. 0-0 0-0 5. c4 d6 6. d4 Nc6 7. d5 Ne5 8. Nxe5 dxe5 9. Nc3 Nd7 10. h4 f5 11. h5 e4 12. hxg6 hxg6 13. Be3 Ne5 14. Bd4 e6 15. f4 Ng4 16. Bxg7 Kxg7 17. Bh3 Nf6 18. Kg2 exd5 19. cxd5 c6 20. dxc6 Qxd1 21. Rfxd1 bxc6 22. Rd6 Bb7 23. Na4 Rad8 24. Rad1 Nd5 25. Rxd8 Rxd8 26. Kf2 Rh8 27. Bg2 Rh2 28. Rc1 Ne3 29. Kxe3 Rxg2 30. Nc5 Bc8 31. Rd1 Rxg3+ 32. Kf2 Rh3 33. Rd8 Rh8 34. Rd6 Kh6 35. Rxc6 Kh5 36. Kg3 g5 37. e3 Rg8 38. b4 gxf4+ 39. Kxf4 Rg4+ 40. Ke5 Rg8 41. a4 Kg4 42. Nb3 Re8+ 43. Kd4 Rd8+ 44. Kc4 Kf3 45. Nc5 Kxe3 46. Rc7 a6 47. b5 axb5+ 48. axb5 f4 49. b6 f3 50. b7 Bxb7 51. Rxb7 Rc8 52. Kd5 Rxc5+ 53. Kxc5 f2 54. Rf7 Ke2 55. Kd4 e3 56. Ke4 f1Q 57. Rxf1 Kxf1 58. Kxe3 1-0

[Event "Las Palmas Cabildo op"]
[Site "Las Palmas"]
[Date "2017.03.14"]
[Round "2"]
[White "Costache, Bogdan Alexandru"]
[Black "Cruz Pino, Adrian"]
[Result "0-1"]
[WhiteElo "1790"]
[BlackElo "2126"]
[PlyCount "46"]
[EventDate "2017.03.10"]
[EventType "swiss"]
[EventRounds "7"]
[EventCountry "ESP"]
[SourceTitle "EXT 2018"]
[Source "ChessBase"]
[SourceDate "2017.10.13"]
[SourceVersion "1"]
[SourceVersionDate "2017.10.13"]
[SourceQuality "1"]

1. e4 c5 2. Nc3 Nc6 3. Bb5 Nd4 4. Bc4 e6 5. d3 Ne7 6. Nge2 Nec6 7. 0-0 Be7 8. a4 0-0 9. Ba2 a6 10. Nxd4 cxd4 11. Ne2 Kh8 12. f4 f5 13. exf5 exf5 14. g4 fxg4 15. Ng3 d5 16. f5 Ne5 17. Bf4 Nf3+ 18. Rxf3 gxf3 19. Qxf3 Bxf5 20. Bxd5 Bg6 21. Bb3 Bd6 22. Ne2 Bxf4 23. Nxf4 Qg5+ 0-1

[Event "Gran Canaria Santana Memorial 5th"]
[Site "Gran Canaria"]
[Date "2017.02.14"]
[Round "4"]
[White "Costache, Bogdan Alexandru"]
[Black "Guerra Aleman, Marcial"]
[Result "0-1"]
[WhiteElo "1823"]
[BlackElo "1688"]
[PlyCount "96"]
[EventDate "2017.02.03"]
[EventType "swiss"]
[EventRounds "7"]
[EventCountry "ESP"]
[SourceTitle "CBM 177 Extra"]
[Source "ChessBase"]
[SourceDate "2017.04.27"]
[SourceVersion "1"]
[SourceVersionDate "2017.04.27"]
[SourceQuality "1"]

1. e4 c5 2. Nc3 d6 3. Bb5+ Bd7 4. a4 a6 5. Bc4 Nf6 6. d3 Nc6 7. f4 Na5 8. Ba2 b5 9. axb5 axb5 10. Nf3 c4 11. dxc4 b4 12. e5 bxc3 13. exf6 gxf6 14. bxc3 Nxc4 15. Qd5 Qc8 16. Bxc4 Rxa1 17. Qxf7+ Kd8 18. 0-0 Bf5 19. Be3 Rxf1+ 20. Kxf1 Qb7 21. Nd4 Bd7 22. Kf2 Qe4 23. Ne6+ Bxe6 24. Bb6+ Kd7 25. Bb5+ Kc8 26. Qe8+ Kb7 27. Qd8 Qxc2+ 28. Be2 Qxc3 29. Be3 Qb2 30. Qa5 Bc4 31. Qa7+ Kc8 32. Qa8+ Kd7 33. Qa4+ Bb5 34. Qxb5+ Qxb5 35. Bxb5+ Ke6 36. g4 h5 37. g5 f5 38. Bd4 Rg8 39. Be8 Bg7 40. Bxg7 Rxe8 41. Bc3 Rc8 42. Be1 d5 43. Kg3 Kf7 44. Kf3 Rc2 45. h4 d4 46. Bf2 d3 47. Be3 Rh2 48. Bf2 d2 0-1

[Event "Gran Canaria Santana Memorial 5th"]
[Site "Gran Canaria"]
[Date "2017.02.10"]
[Round "3"]
[White "Monteiro Rodrigues, Carlos"]
[Black "Costache, Bogdan Alexandru"]
[Result "0-1"]
[WhiteElo "1476"]
[BlackElo "1823"]
[PlyCount "40"]
[EventDate "2017.02.03"]
[EventType "swiss"]
[EventRounds "7"]
[EventCountry "ESP"]
[SourceTitle "CBM 177 Extra"]
[Source "ChessBase"]
[SourceDate "2017.04.27"]
[SourceVersion "1"]
[SourceVersionDate "2017.04.27"]
[SourceQuality "1"]

1. e4 d6 2. d4 Nf6 3. Nc3 c6 4. Nf3 Bg4 5. h3 Bh5 6. Bd3 Nbd7 7. g4 Bg6 8. Nh4 e5 9. Nxg6 hxg6 10. Be3 Qb6 11. dxe5 Qxb2 12. Bd4 dxe5 13. Rb1 Qa3 14. Rb3 Qa5 15. Be3 Bb4 16. Bd2 Nc5 17. Rxb4 Qxb4 18. Nd5 Nxd3+ 19. cxd3 Qd6 20. Bb4 Qd7 0-1

[Event "Valladolid Para Club Piolin V"]
[Site "Valladolid"]
[Date "2014.07.06"]
[Round "4.1"]
[White "Santos Martinez, Guillermo"]
[Black "Costache, Bogdan Alexandru"]
[Result "1/2-1/2"]
[WhiteElo "1782"]
[BlackElo "1739"]
[PlyCount "80"]
[EventDate "2014.07.04"]
[EventType "swiss"]
[EventRounds "5"]
[EventCountry "ESP"]
[SourceTitle "EXT 2024"]
[Source "ChessBase"]
[SourceDate "2023.10.10"]
[SourceVersion "1"]
[SourceVersionDate "2023.10.10"]
[SourceQuality "1"]

1. Nf3 Nf6 2. g3 b6 3. Bg2 Bb7 4. 0-0 e6 5. c4 Be7 6. Nc3 0-0 7. d4 Ne4 8. Qc2 f5 9. Nd2 d5 10. Qb3 Kh8 11. Ndxe4 fxe4 12. Bf4 Na6 13. Rac1 c5 14. e3 Nb4 15. dxc5 Bxc5 16. Na4 Ba6 17. cxd5 Bxf1 18. Bxf1 Nxd5 19. Nxc5 bxc5 20. Rxc5 Nxf4 21. exf4 Rf5 22. Qc3 Rxc5 23. Qxc5 Qd5 24. Qc2 Qxa2 25. Qxe4 Qd5 26. Qc2 Rd8 27. Qa4 a5 28. b4 axb4 29. Qxb4 h5 30. Qc4 h4 31. Qc7 hxg3 32. hxg3 Kh7 33. Qc2+ Kh6 34. Qe2 Rh8 35. Bh3 Re8 36. f5 e5 37. Qe3+ Kh7 38. Qg5 Qf7 39. Bg4 Rf8 40. Qh4+ Kg8 1/2-1/2

[Event "Valladolid Para Club Piolin V"]
[Site "Valladolid"]
[Date "2014.07.05"]
[Round "3.1"]
[White "Costache, Bogdan Alexandru"]
[Black "Luke Brezmes, Cristofer"]
[Result "1-0"]
[WhiteElo "1739"]
[BlackElo "2090"]
[PlyCount "43"]
[EventDate "2014.07.04"]
[EventType "swiss"]
[EventRounds "5"]
[EventCountry "ESP"]
[SourceTitle "EXT 2024"]
[Source "ChessBase"]
[SourceDate "2023.10.10"]
[SourceVersion "1"]
[SourceVersionDate "2023.10.10"]
[SourceQuality "1"]

1. d4 d5 2. Nf3 Nf6 3. c4 c6 4. Nc3 dxc4 5. a4 Bg4 6. Ne5 Nbd7 7. Nxg4 Nxg4 8. e4 e5 9. Qxg4 exd4 10. Nb1 Qa5+ 11. Bd2 Qb6 12. Bc1 Qb4+ 13. Nd2 c3 14. bxc3 dxc3 15. Nb1 Ne5 16. Qf4 c2+ 17. Nd2 Qc3 18. Ra2 0-0-0 19. Be2 Rxd2 20. Qxd2 Bb4 21. Qxc3 Bxc3+ 22. Kf1 1-0

[Event "Valladolid Piolin op"]
[Site "Valladolid"]
[Date "2013.05.12"]
[Round "10"]
[White "Costache, Bogdan Alexandru"]
[Black "Gamboa Torres, Luis Alejandro"]
[Result "1-0"]
[WhiteElo "1555"]
[BlackElo "1836"]
[PlyCount "71"]
[EventDate "2013.03.10"]
[EventType "swiss"]
[EventRounds "11"]
[EventCountry "ESP"]
[SourceTitle "EXT 2014"]
[Source "ChessBase"]
[SourceDate "2013.11.20"]
[SourceVersion "1"]
[SourceVersionDate "2013.11.20"]
[SourceQuality "1"]

1. d4 Nf6 2. c4 g6 3. Nc3 d5 4. Nf3 Bg7 5. e3 0-0 6. b3 c6 7. Bb2 Ng4 8. h3 Nh6 9. Bd3 Bf5 10. 0-0 Bxd3 11. Qxd3 e6 12. e4 dxe4 13. Nxe4 e5 14. Rad1 f5 15. Nc5 e4 16. Nxe4 fxe4 17. Qxe4 Re8 18. Qc2 Nd7 19. d5 c5 20. Bxg7 Kxg7 21. Qc3+ Qf6 22. Qc1 Nf7 23. Rfe1 h6 24. Qd2 Nd6 25. Re6 Qf8 26. Nh4 Nf6 27. Qd3 Nde4 28. f3 Rxe6 29. dxe6 Ng5 30. Qxg6+ Kh8 31. e7 Nxf3+ 32. gxf3 Qxe7 33. Qxh6+ Kg8 34. Nf5 Qf7 35. Re1 Nh5 36. Ne7+ 1-0

[Event "Valladolid Piolin op"]
[Site "Valladolid"]
[Date "2013.04.07"]
[Round "5"]
[White "Ampudia Asensio, Jose Luis"]
[Black "Costache, Bogdan Alexandru"]
[Result "1/2-1/2"]
[WhiteElo "1686"]
[BlackElo "1555"]
[PlyCount "35"]
[EventDate "2013.03.10"]
[EventType "swiss"]
[EventRounds "11"]
[EventCountry "ESP"]
[SourceTitle "EXT 2014"]
[Source "ChessBase"]
[SourceDate "2013.11.20"]
[SourceVersion "1"]
[SourceVersionDate "2013.11.20"]
[SourceQuality "1"]

1. d4 c5 2. d5 d6 3. c4 Nf6 4. Nc3 g6 5. e4 Bg7 6. Bd3 0-0 7. Nf3 e6 8. 0-0 exd5 9. exd5 Bg4 10. h3 Bxf3 11. Qxf3 Re8 12. Bf4 Nh5 13. Bh2 Be5 14. Ne4 Nd7 15. Be2 Nhf6 16. Nxf6+ Qxf6 17. Qxf6 Nxf6 18. Bd3 1/2-1/2

[Event "Valladolid Aficionados op 3rd"]
[Site "Valladolid"]
[Date "2012.08.04"]
[Round "3"]
[White "Santos Martinez, Guillermo"]
[Black "Costache, Bogdan Alexandru"]
[Result "0-1"]
[WhiteElo "1666"]
[BlackElo "1512"]
[PlyCount "108"]
[EventDate "2012.08.03"]
[EventType "swiss"]
[EventRounds "7"]
[EventCountry "ESP"]
[SourceTitle "EXT 2014"]
[Source "ChessBase"]
[SourceDate "2013.11.20"]
[SourceVersion "1"]
[SourceVersionDate "2013.11.20"]
[SourceQuality "1"]

1. d4 Nf6 2. c4 e6 3. Nc3 d5 4. Bg5 Nbd7 5. e3 c6 6. Nf3 Qa5 7. Bxf6 Nxf6 8. Rc1 Bb4 9. Qc2 Qxa2 10. cxd5 Nxd5 11. Bd3 Nxc3 12. bxc3 Qxc2 13. Rxc2 Bd6 14. 0-0 0-0 15. e4 b5 16. e5 Be7 17. Be4 Bb7 18. Ra2 a5 19. Rfa1 a4 20. c4 Rfb8 21. c5 f5 22. Bc2 g5 23. h3 h5 24. Kf1 g4 25. hxg4 hxg4 26. Ng1 Rd8 27. Rd1 Ba6 28. Ke1 Bg5 29. g3 Rd7 30. Ne2 Kf7 31. Kf1 Rad8 32. Kg2 b4 33. Bd3 Bxd3 34. Rxd3 a3 35. Rb3 Rb8 36. Raxa3 bxa3 37. Rxb8 Ra7 38. Rb1 a2 39. Ra1 Bd2 40. Kf1 Ke7 41. Kg2 Kd7 42. Kf1 Kc7 43. Kg2 Ra3 44. Kf1 Kb7 45. Kg2 Ka6 46. Kf1 Kb5 47. Kg2 Kb4 48. d5 cxd5 49. c6 Kb3 50. Nd4+ Kb2 51. Nc2 Rc3 52. c7 Rxc2 53. Rd1 Ba5 54. Rd2 Bxd2 0-1

[Event "Valladolid op"]
[Site "Valladolid"]
[Date "2012.03.22"]
[Round "6"]
[White "Valverde Lujan, Cesar"]
[Black "Costache, Bogdan Alexandru"]
[Result "0-1"]
[WhiteElo "1890"]
[BlackElo "1480"]
[PlyCount "36"]
[EventDate "2012.02.16"]
[EventType "swiss"]
[EventRounds "7"]
[EventCountry "ESP"]
[SourceTitle "EXT 2014"]
[Source "ChessBase"]
[SourceDate "2013.11.20"]
[SourceVersion "1"]
[SourceVersionDate "2013.11.20"]
[SourceQuality "1"]

1. c4 Nf6 2. Nc3 e5 3. Nf3 Nc6 4. d4 exd4 5. Nxd4 d5 6. Nxc6 bxc6 7. e3 Bd6 8. Bd3 0-0 9. 0-0 Bxh2+ 10. Kh1 Ng4 11. g3 Nxf2+ 12. Rxf2 Bxg3 13. Rg2 Qh4+ 14. Kg1 Bh3 15. Rc2 f5 16. cxd5 Rf6 17. Qf3 Rg6 18. Bxf5 Bf2+ 0-1